A primer of social statistics / (Record no. 35339)
[ view plain ]
| 000 -LEADER | |
|---|---|
| fixed length control field | 00843cam a22002771 4500 |
| 001 - CONTROL NUMBER | |
| control field | 35339 |
| 003 - CONTROL NUMBER IDENTIFIER | |
| rucl marc code | BD-RjUL |
| 005 - DATE AND TIME OF LATEST TRANSACTION | |
| control field | 20211209052313.0 |
| 008 - FIXED-LENGTH DATA ELEMENTS--GENERAL INFORMATION | |
| fixed length control field | 140522s1955 nyua 001 0 eng |
| 035 ## - SYSTEM CONTROL NUMBER | |
| System control number | (BD-RjUL)35433 |
| System control number | (OCoLC)166345 |
| 040 ## - CATALOGING SOURCE | |
| Original cataloging agency | DLC |
| Transcribing agency | ODaWU |
| Modifying agency | BD-RjUL |
| Language of cataloging | eng |
| 041 ## - LANGUAGE CODE | |
| Language code of text/sound track or separate title | eng |
| 082 ## - DEWEY DECIMAL CLASSIFICATION NUMBER | |
| Classification number | 519 |
| Author mark and year | DOP 1955 |
| 100 1# - MAIN ENTRY--PERSONAL NAME | |
| Personal name | Dornbusch, Sanford M. |
| 9 (RLIN) | 107642 |
| 245 12 - TITLE STATEMENT | |
| Title | A primer of social statistics / |
| Statement of responsibility, etc. | Sanford M. Dornbusch and Calvin F. Schmid. |
| 260 ## - PUBLICATION, DISTRIBUTION, ETC. (IMPRINT) | |
| Place of publication, distribution, etc. | New York : |
| Name of publisher, distributor, etc. | McGraw-Hill, |
| Date of publication, distribution, etc. | c1955. |
| 300 ## - PHYSICAL DESCRIPTION | |
| Pagination | vii, 251 p. : |
| Illustrations | ill. ; |
| Size | 24 cm. |
| 490 0# - SERIES STATEMENT | |
| Series statement | McGraw-Hill series in sociology and anthropology |
| 504 ## - BIBLIOGRAPHY, ETC. NOTE | |
| Bibliography, etc | Includes index. |
| 650 #0 - SUBJECT ADDED ENTRY--TOPICAL TERM | |
| Topical term or geographic name as entry element | Statistics. |
| 9 (RLIN) | 107643 |
| 700 1# - ADDED ENTRY--PERSONAL NAME | |
| Personal name | Schmid, Calvin Fisher, |
| Dates associated with a name | 1901- |
| Relator term | joint author. |
| 942 ## - ADDED ENTRY ELEMENTS (KOHA) | |
| Source of classification or shelving scheme | Dewey Decimal Classification |
| Koha item type | Books |
| Lost status | Source of classification or shelving scheme | Damaged status | Not for loan | Collection code | Permanent Location | Current Location | Shelving location | Date acquired | Source of acquisition | Cost, normal purchase price | Total Checkouts | Full call number | Date last seen | Copy number | Koha item type | Date checked out |
|---|---|---|---|---|---|---|---|---|---|---|---|---|---|---|---|---|
| Dewey Decimal Classification | Non-fiction | Central Library, University of Rajshahi | Central Library, University of Rajshahi | 19/03/1969 | Euro Park | 37.50 | 519 DOP 1955 | 22/05/2014 | C-10 | Books | ||||||
| Dewey Decimal Classification | Not For Loan | Non-fiction | Central Library, University of Rajshahi | Central Library, University of Rajshahi | Reading Room | 20/06/1962 | Zitlinger | 43.00 | 519 DOP 1955 | 26/05/2014 | C-1 | Books | ||||
| Dewey Decimal Classification | Non-fiction | Central Library, University of Rajshahi | Central Library, University of Rajshahi | 18/11/1965 | NATIONAL BOOk AGENCY | 32.00 | 519 DOP 1955 | 26/05/2014 | C-4 | Books | ||||||
| Dewey Decimal Classification | Non-fiction | Central Library, University of Rajshahi | Central Library, University of Rajshahi | 19/03/1969 | Euro Park | 37.50 | 2 | 519 DOP 1955 | 01/08/2017 | C-9 | Books | 09/07/2017 | ||||
| Dewey Decimal Classification | Non-fiction | Central Library, University of Rajshahi | Central Library, University of Rajshahi | 26/05/2014 | 519 DOP 1955 | 26/05/2014 | C-6 | Books | ||||||||
| Dewey Decimal Classification | Non-fiction | Central Library, University of Rajshahi | Central Library, University of Rajshahi | 26/05/2014 | 519 DOP 1955 | 26/05/2014 | C-7 | Books | ||||||||
| Dewey Decimal Classification | Non-fiction | Central Library, University of Rajshahi | Central Library, University of Rajshahi | 26/05/2014 | 519 DOP 1955 | 26/05/2014 | C-7 | Books | ||||||||
| Dewey Decimal Classification | Non-fiction | Central Library, University of Rajshahi | Central Library, University of Rajshahi | 19/03/1969 | Euro-Pak | 37.50 | 519 DOP 1955 | 28/05/2014 | C-2 | Books | ||||||
| Dewey Decimal Classification | Non-fiction | Central Library, University of Rajshahi | Central Library, University of Rajshahi | 19/03/1969 | Euro-Pak | 37.50 | 519 DOP 1955 | 28/05/2014 | C-3 | Books |